00533nam a22001937a 450000500170000001000130001702000230003003500130005303700170006604000130008308200180009624500320011426000450014627000480019130000260023950000200026565000370028565000170032220170124110251.0 aA-933640 c150.00a8120312236 aA-933640 bCen Lib/Ret  aDPL bEN a332.6323bHOW aHow the bond market works / aNew DelhibPrentice Hall of India c1997 aM-7, Cannaught Circus bNew Delhi e110001 aviii,278p. c21cm(Hb) aIncludes index  a Bonds - Government securities.  aBond market.